Decision making in anesthesiology : an algorithmic approach (Record no. 28944)

MARC details
000 -LEADER
fixed length control field 00548nam a2200193Ia 4500
020 ## - INTERNATIONAL STANDARD BOOK NUMBER
ISBN 9780815124559
050 ## - CALL MARK
Classification number RD 82 .D43/
100 ## - STATEMENT OF RESPONSIBILITY--MAIN AUTHOR NAME
Personal name Bready, Lois L.
245 #0 - TITLE STATEMENT
Title Decision making in anesthesiology : an algorithmic approach
250 ## - EDITION / VOLUME STATEMENT
Edition / Volume statement 3rd ed.
260 ## - PUBLICATION, DISTRIBUTION, ETC. (IMPRINT)
Place of publication St. Louis
260 ## - PUBLICATION, DISTRIBUTION, ETC. (IMPRINT)
Name of publisher Mosby
260 ## - PUBLICATION, DISTRIBUTION, ETC. (IMPRINT)
Year of publication 2000
300 ## - PHYSICAL DESCRIPTION
Number of Pages 659 p
650 ## - SUBJECT ADDED ENTRY--TOPICAL TERM
Topical Term Anesthesia--Decision making. Anesthesia--methods. Decision Trees. Perioperative Care--methods.
942 ## - ADDED ENTRY ELEMENTS (KOHA)
Koha item type Books
Holdings
Withdrawn status Lost status Source of classification or shelving scheme Damaged status Not for loan Permanent Location Current Location Date acquired Accession Number Price effective from Koha item type
    Library of Congress Classification     NILE UNIVERSITY OF NIGERIA - MAIN LIBRARY NILE UNIVERSITY OF NIGERIA - MAIN LIBRARY 04/23/2025 0185527 04/23/2025 Books